000 00545nam a2200193Ia 4500
001 62149
008 080101n2015 ii |||gr||||Z||||||465
020 _a9789381139530
041 _a465
082 _a954.162
100 _aBarooah, Nirode K. ,
_eAuthor.,
245 0 _aDavid Scott In North East India
_cBy Nirode K. Barooah
_hTextual Documents
250 _a2nd rev.enlarged ed.
260 _aGuwahati
_bBhabani Books
_c2015
300 _apg xxiii- 348:
_c21cm.
653 _aHistory
653 _aHistory- North East India
942 _2ddc
_cBK
999 _c63257
_d63257